Formula 1 -valmistajien maailmanmestarit - Statistics

Yleistilastot
  • Tätä visaa on pelattu 555 kertaa
    481 viimeisimmän päivityksen jälkeen
  • Keskiarvotulos 7 / 15
Vastaustilastot
Mestaruuskaudet Valmistaja % Oikein
1961, 1964, 1975, 1976, 1977, 1979, 1982, 1983, 1999, 2000, 2001, 2002, 2003, 2004, 2007, 2008 Ferrari
98%
1974, 1984, 1985, 1988, 1989, 1990, 1991, 1995, 2024, 2025 McLaren
94%
2010, 2011, 2012, 2013, 2022, 2023 Red Bull
93%
2014, 2015, 2016, 2017, 2018, 2019, 2020, 2021 Mercedes
92%
1980, 1981, 1986, 1987, 1992, 1993, 1994, 1996, 1997 Williams
70%
1963, 1965, 1968, 1970, 1972, 1973, 1978 Lotus
62%
2005, 2006 Renault
59%
1995 Benetton
40%
2009 Brawn
30%
1966, 1967 Brabham
19%
1971 Tyrrell
18%
1962 BRM
9%
1959, 1960 Cooper
9%
1969 Matra
8%
1958 Vanwall
8%
Ehtoja vastaavia visoja ei löytynyt
Tulosjakauma
Jokaisen tuloksen saaneiden osuus
Persentiili vastausten määrän mukaan
Tuloshistoriasi
Et ole pelannut tätä visaa sen viimeisimmän päivityksen jälkeen